书目信息 |
| 题名: |
傅与砺诗文集
|
|
| 作者: | 傅若金 编著 | |
| 分册: | 第一册 | |
| 出版信息: | 北京 文物出版社 1982.10 |
|
| 页数: | 1册 | |
| 开本: | 18*13cm | |
| 丛书名: | 嘉业堂丛书 | |
| 单 册: | ||
| 中图分类: | I214.72 | |
| 科图分类: | ||
| 主题词: | 文学--作品集--中国 | |
| 电子资源: | ||
| ISBN: | ||
| 000 | 00741nam0 2200253 450 | |
| 001 | 0635359296 | |
| 005 | 20061025095533.85 | |
| 010 | @b线装@dCNY32.00(函) | |
| 100 | @a20061025d1982 km y0chiy0120 ea | |
| 101 | 0 | @achi |
| 102 | @aCN@b110000 | |
| 200 | 1 | @a傅与砺诗文集@Afu yu li shi wen ji@h第一册@f(元)傅若金编著@F(yuan)fu ruo jin bian zhu |
| 210 | @a北京@c文物出版社@d1982.10 | |
| 215 | @a1册@d18*13cm | |
| 225 | 2 | @a嘉业堂丛书 |
| 300 | @a四册一函,二十卷 | |
| 300 | @a本书为文物出版社1982年10月木板印刷本 | |
| 305 | @a吴兴刘氏嘉业堂刊本 | |
| 410 | 0 | @12001 @a嘉业堂丛书 |
| 606 | 0 | @a文学@x作品集@x中国 |
| 690 | @aI214.72@v3 | |
| 701 | 0 | @a傅若金@Afu ruo jin@4编著 |
| 801 | 0 | @aCN@bPFT@c20061025 |
| 905 | @a10447@dI214.72@e17:1 | |
| 傅与砺诗文集.第一册/(元)傅若金编著.-北京:文物出版社,1982.10 |
| 1册;18*13cm.-(嘉业堂丛书) |
| 四册一函,二十卷.-本书为文物出版社1982年10月木板印刷本 |
| ISBN (线装):CNY32.00(函) |
| ● |
| 相关链接 |
|
|
|
|
正题名:傅与砺诗文集
索取号:I214.72/17:1
 
预约/预借
| 序号 | 登录号 | 条形码 | 馆藏地/架位号 | 状态 | 备注 |
| 1 | 0222948 | 202419150 | 古籍典藏专区/ [索取号:I214.72/17:1] | 在馆 | |
| 2 | 0222952 | 202419114 | 古籍典藏专区/ [索取号:I214.72/17:1] | 在馆 |